| 000 | 00457nmm a2200157Ia 4500 | ||
|---|---|---|---|
| 008 | 251105s9999||||xx |||||||||||||||||und|| | ||
| 020 | _a9781558855854 | ||
| 041 | _aeng | ||
| 100 | _aLimón, Graciela | ||
| 245 | 4 | _aThe river flows North | |
| 264 |
_a[Washington, Estados Unidos] : _bArte Público Press, _c2009 |
||
| 300 | _a160 páginas | ||
| 650 | _aNorth American narrative | ||
| 856 | _uhttps://public.digitaliapublishing.com/a/40232 | ||
| 942 | _cCF | ||
| 999 |
_c74835 _d74835 |
||